La vida de Lazarillo de Tormes y de sus fortunas y adversidades /

Bibliographic Details
Other Authors: López Grigera, Luisa (Editor)
Format: Electronic eBook
Language:Spanish
Published: Madrid : Arco/Libros, S. L., [2024]
Series:Colección Perspectivas (Madrid, Spain). Serie Textos.
Subjects:
Online Access:Digitalia Hispánica

MARC

LEADER 00000nam a2200000Ii 4500
001 DIGARCOL0140
003 NyNyDIG
006 m o d
007 cr |||||||||||
008 241001s2024 sp ob 000 0 spa d
035 |a (OCoLC)1458531844 
040 |a DGITA  |b eng  |e rda  |e pn  |c DGITA 
020 |z 9788471338990 
050 1 4 |a PQ6407 ebook 
245 0 3 |a La vida de Lazarillo de Tormes y de sus fortunas y adversidades /  |c introducción, edición crítica y notas de Luisa López Grigera. 
264 1 |a Madrid :  |b Arco/Libros, S. L.,  |c [2024] 
300 |a 1 online resource. 
336 |a text  |b txt  |2 rdacontent 
337 |a computer  |b c  |2 rdamedia 
338 |a online resource  |b cr  |2 rdacarrier 
347 |a text file  |2 rdaft 
347 |b PDF 
490 1 |a Colección Perspectivas: Serie Textos. Biblioteca de teoría literaria y literatura comparada 
504 |a Includes bibliographical references. 
588 0 |a Online resource; title from PDF title page (Digitalia, viewed October 1, 2024) 
630 0 0 |a Lazarillo de Tormes. 
700 1 |a López Grigera, Luisa,  |e editor. 
791 2 |a Digitalia (Firm),  |e distributor. 
793 0 |g Digitalia eBook Collection:  |a Arco/Libros 
776 0 8 |i Print version:  |t Vida de Lazarillo de Tormes y de sus fortunas y adversidades.  |d Madrid : Arco/Libros, S. L., [2024]  |z 9788471338990 
830 0 |a Colección Perspectivas (Madrid, Spain).  |p Serie Textos. 
856 4 0 |3 Digitalia Hispánica  |u https://www.digitaliapublishing.com/a/156222/ 
910 |a Premium collection: 2024